01321nab a22002537a 4500999001500000003000400015005001700019008004100036040000700077100002900084245012400113260007200237300001300309500003900322505031300361505008900674650002600763650003000789650003100819650003600850650002900886773013900915942001301054 c5921d5921OSt20260114005942.0190605e xxu||||| |||| 00| 0 spa d cPJ 95129aSfeir, Santiago L.13aLa noción de riesgo empresario y su incidencia en la finalización de los contratos de trabajo /cSantiago L. Sfeir. aCiudad Autónoma de Buenos Aires :bThomson Reuters La Ley,c2024. ap. 53-56 aCita: TR LALEY AR/DOC/3000/2023.  aSumario: I. Introducción.— II. El art. 247 LCT como causal de extinción del contrato de trabajo.— III. El riesgo empresario y su viabilidad frente a los vaivenes del mercado.— IV. Disquisiciones finales. La aplicación restrictiva del art. 247 LCT y su directa incidencia en la crisis de empresa.  t¿Te interesa el texto completo? Solicitalo al correo: koha@justierradelfuego.gov.ar 091316aDERECHO LABORAL 091323aCONTRATO DE TRABAJO 091803aRELACIONES LABORALES 094428aRELACIÓN DE DEPENDENCIA 091402aJORNADA DE TRABAJO0 0271193168dCiudad Autónoma de Buenos Aires : Thomson Reuters La Ley, 1999-2002.tRevista de derecho del trabajo. Nº 1 - Enero 2024 2udccANA